| 000 | 00931nac a22002411u 4500 | ||
|---|---|---|---|
| 010 | _a010698017 | ||
| 020 | _a0582307767 (pbk) | ||
| 082 |
_a624.0685 _bMCC. |
||
| 090 |
_c5239 _d5239 |
||
| 100 | _aMcCabe, Steven L. | ||
| 245 |
_aQuality improvement techniques in construction / _cSteven McCabe. |
||
| 260 |
_aHarlow : _bLongman, c.1998. _cc.1998. |
||
| 300 |
_ax, 230p. : _b ill. ; _c24cm. |
||
| 500 | _aCo-published with the Chartered Institute of Building. | ||
| 500 | _aDistributer : AL Ahram. | ||
| 504 | _aBibliography: p218-225. _ Includes index. | ||
| 511 | _aCatalogued By : Mahitab. | ||
| 650 | _aConstruction industry -- Quality control. | ||
| 650 | _aConstruction industry -- Management. | ||
| 650 | _aTotal quality management. | ||
| 942 |
_cTB _k624.0685MCC. |
||
| 999 |
_c5239 _d5239 |
||